Kiss Ferenc 365-ször

Elmentve itt :
Bibliográfiai részletek
Dokumentumtípus: Cikk
Megjelent: 2008-11-14
Sorozat:Délmagyarország 98 No. 266
Kulcsszavak:Kiss Ferenc, Szeged, Képzőművészet kiállítás plakát, Eseménynaptár Szeged 2008. 11., Kass Galéria (Szeged)
Online Access:http://dmarchiv.bibl.u-szeged.hu/140953
LEADER 00495nab a2200145 i 4500
001 delm140953
005 20200102131135.0
008 200102s2008 hu o 0|| hun d
040 |a SZTE Délmagyarország Archívum  |b hun 
041 |a hun 
245 0 0 |a Kiss Ferenc 365-ször  |h [elektronikus dokumentum] 
260 |c 2008-11-14 
300 |a 7 
490 0 |a Délmagyarország  |v 98 No. 266 
695 |a Kiss Ferenc, Szeged, Képzőművészet kiállítás plakát, Eseménynaptár Szeged 2008. 11., Kass Galéria (Szeged)